[Event "HUN-chT1 Maroczy 2324"]
[Site "Hungary"]
[Date "2024.03.03"]
[Round "7.8"]
[White "Torok, Tamas Titusz"]
[Black "Bai, Attila"]
[Result "0-1"]
[WhiteElo "1968"]
[BlackElo "2118"]
[PlyCount "88"]
[EventDate "2023.10.08"]
[EventType "team-tourn"]
[EventRounds "11"]
[EventCountry "HUN"]
[SourceTitle "EXT 2025"]
[Source "ChessBase"]
[SourceDate "2024.10.14"]
[SourceVersion "1"]
[SourceVersionDate "2024.10.14"]
[SourceQuality "1"]
[WhiteTeam "Magyar Sakkvilag"]
[BlackTeam "Debrecen Sakkiskola"]
[WhiteTeamCountry "HUN"]
[BlackTeamCountry "HUN"]

1. e4 c5 2. b3 g6 3. Bb2 Nf6 4. e5 Nd5 5. Qf3 e6 6. Nc3 Nxc3 7. Qxc3 b6 8. 0-0-0 Bg7 9. Qg3 Bb7 10. h4 h5 11. f4 Nc6 12. Nf3 Qc7 13. Kb1 Ne7 14. Qf2 Rc8 15. c4 0-0 16. Bd3 d6 17. Rhe1 Rcd8 18. Bc2 Nc6 19. a3 dxe5 20. fxe5 Nd4 21. Nxd4 cxd4 22. Bxd4 Bxg2 23. Bc3 Bh3 24. d4 Bg4 25. Rd3 a5 26. a4 f5 27. Qf4 Kh7 28. Bd2 Qe7 29. Qg5 Qb7 30. Qf4 Rfe8 31. Qe3 Qc6 32. Bd1 Qb7 33. Bxg4 fxg4 34. Rf1 Rf8 35. Rxf8 Rxf8 36. d5 Rf3 37. Qe2 Rxd3 38. Qxd3 exd5 39. cxd5 Bxe5 40. Qe3 Bg7 41. Qe6 g3 42. Be3 Qa6 43. Kc1 Qe2 44. Qxb6 Qxe3+ 0-1

[Event "HUN-chT1 Maroczy 2324"]
[Site "Hungary"]
[Date "2023.11.26"]
[Round "4.9"]
[White "Bai, Attila"]
[Black "Vranic, Ljubomir"]
[Result "0-1"]
[WhiteElo "2118"]
[BlackElo "2081"]
[PlyCount "92"]
[EventDate "2023.10.08"]
[EventType "team-tourn"]
[EventRounds "11"]
[EventCountry "HUN"]
[SourceTitle "EXT 2025"]
[Source "ChessBase"]
[SourceDate "2024.10.14"]
[SourceVersion "1"]
[SourceVersionDate "2024.10.14"]
[SourceQuality "1"]
[WhiteTeam "Debrecen Sakkiskola"]
[BlackTeam "Kisujszallas"]
[WhiteTeamCountry "HUN"]
[BlackTeamCountry "HUN"]

1. d4 Nf6 2. Nf3 d6 3. Bf4 Bg4 4. Nc3 Nbd7 5. d5 c6 6. e4 Qa5 7. h3 Bxf3 8. Qxf3 g6 9. dxc6 bxc6 10. e5 Nxe5 11. Bxe5 Qxe5+ 12. Be2 d5 13. 0-0 Bg7 14. Rae1 0-0 15. Bd3 Qd6 16. Qe2 Rfe8 17. f4 Nd7 18. Nd1 Bd4+ 19. Kh1 e5 20. c3 Bb6 21. fxe5 Rxe5 22. Qf3 Rf8 23. g4 Bc7 24. Qf2 f6 25. Re2 Kg7 26. Rfe1 Rfe8 27. Bc2 R8e6 28. Qg2 Qe7 29. Rxe5 Rxe5 30. Rf1 Re2 31. Rf2 Re1+ 32. Rf1 Bb6 33. Qf3 Qe5 34. Bd3 Nc5 35. Rxe1 Qxe1+ 36. Bf1 Ne4 37. Kg2 Qd2+ 38. Qe2 Qf4 39. Qf3 Qc1 40. Bd3 Nc5 41. Qe2 Kf7 42. b4 Ne6 43. Qc2 Qg5 44. c4 Nf4+ 45. Kf3 Nxh3 46. cxd5 Qf4+ 0-1

[Event "HUN-chT1 Maroczy 2223"]
[Site "Hungary"]
[Date "2023.02.19"]
[Round "6.10"]
[White "Bai, Attila"]
[Black "Markus, Molli Amina"]
[Result "1-0"]
[WhiteElo "2149"]
[BlackElo "1890"]
[PlyCount "85"]
[EventDate "2022.11.20"]
[EventType "team-tourn"]
[EventRounds "9"]
[EventCountry "HUN"]
[SourceTitle "EXT 2025"]
[Source "ChessBase"]
[SourceDate "2024.10.14"]
[SourceVersion "1"]
[SourceVersionDate "2024.10.14"]
[SourceQuality "1"]
[WhiteTeam "Debrecen Sakkiskola"]
[BlackTeam "Maroczy"]
[WhiteTeamCountry "HUN"]
[BlackTeamCountry "HUN"]

1. d4 Nf6 2. Nf3 g6 3. Bf4 Bg7 4. Nc3 0-0 5. Qd2 d6 6. e3 c6 7. h3 b5 8. Bd3 a5 9. 0-0 b4 10. Na4 Bd7 11. a3 c5 12. axb4 axb4 13. b3 Bxa4 14. bxa4 Ra5 15. e4 Nh5 16. Bh6 Qc7 17. Bxg7 Kxg7 18. c3 bxc3 19. Qxc3 Kg8 20. Bb5 Rc8 21. Qd2 Kg7 22. dxc5 dxc5 23. e5 Qd8 24. Qe3 Kg8 25. Rfd1 Qf8 26. Rac1 e6 27. Nd2 Ng7 28. Ne4 Nf5 29. Qc3 Ra7 30. g4 Ne7 31. Nf6+ Kh8 32. Qe3 Ng8 33. Ne4 Na6 34. Nd6 Rca8 35. Rc4 Ne7 36. Ne4 Nd5 37. Qc1 Ndc7 38. Qc3 Nd5 39. Qc1 Ndc7 40. Kg2 Qg7 41. Nf6 Qf8 42. Rd6 Rd8 43. Qh6 1-0

[Event "HUN-chT1 Maroczy 2223"]
[Site "Hungary"]
[Date "2023.02.12"]
[Round "5.7"]
[White "Bai, Attila"]
[Black "Karacsonyi, Kata"]
[Result "0-1"]
[WhiteElo "2149"]
[BlackElo "2168"]
[PlyCount "104"]
[EventDate "2022.11.20"]
[EventType "team-tourn"]
[EventRounds "9"]
[EventCountry "HUN"]
[SourceTitle "EXT 2025"]
[Source "ChessBase"]
[SourceDate "2024.10.14"]
[SourceVersion "1"]
[SourceVersionDate "2024.10.14"]
[SourceQuality "1"]
[WhiteTeam "Debrecen Sakkiskola"]
[BlackTeam "Budapest Kobanya II"]
[WhiteTeamCountry "HUN"]
[BlackTeamCountry "HUN"]

1. d4 Nf6 2. Nf3 e6 3. e3 d5 4. Bd3 Be7 5. Nbd2 0-0 6. Ne5 b6 7. f4 Bb7 8. Qf3 c5 9. c3 Nbd7 10. 0-0 Qc7 11. g4 Ne8 12. Qh3 Ndf6 13. Rf3 Ne4 14. Qh5 N8f6 15. Qh4 h6 16. g5 Nh7 17. Rh3 f6 18. g6 fxe5 19. gxh7+ Kxh7 20. Qg4 exf4 21. Nf3 Bf6 22. exf4 Qf7 23. Be3 c4 24. Bc2 Kh8 25. Bxe4 dxe4 26. Ne5 Bxe5 27. fxe5 Qf5 28. Qg2 Kh7 29. Rg3 Rf7 30. Rf1 Qxf1+ 31. Qxf1 Rxf1+ 32. Kxf1 Rf8+ 33. Ke2 Bc6 34. b4 a5 35. d5 exd5 36. Bxb6 axb4 37. cxb4 Ra8 38. a3 g5 39. Bd4 Bb5 40. Kd2 Rf8 41. e6 Kg6 42. e7 Rf3 43. Be3 Kf6 44. Kc3 Ke5 45. Rxf3 exf3 46. Bf2 Ke4 47. Bd4 g4 48. Bc5 h5 49. Bf2 h4 50. Kd2 g3 51. hxg3 h3 52. Bg1 f2 0-1

[Event "HUN-chT1 Maroczy 2223"]
[Site "Hungary"]
[Date "2022.12.18"]
[Round "3.6"]
[White "Czegledi, Zsolt"]
[Black "Bai, Attila"]
[Result "1-0"]
[WhiteElo "2177"]
[BlackElo "2157"]
[PlyCount "105"]
[EventDate "2022.11.20"]
[EventType "team-tourn"]
[EventRounds "9"]
[EventCountry "HUN"]
[SourceTitle "EXT 2025"]
[Source "ChessBase"]
[SourceDate "2024.10.14"]
[SourceVersion "1"]
[SourceVersionDate "2024.10.14"]
[SourceQuality "1"]
[WhiteTeam "Kecskemet TLSE"]
[BlackTeam "Debrecen Sakkiskola"]
[WhiteTeamCountry "HUN"]
[BlackTeamCountry "HUN"]

1. d4 Nf6 2. c4 e6 3. Nf3 c5 4. e3 b6 5. Nc3 cxd4 6. exd4 Bb7 7. Be2 Be7 8. 0-0 0-0 9. d5 Bb4 10. dxe6 dxe6 11. Qb3 Na6 12. a3 Be7 13. Rd1 Qb8 14. Bg5 Nc5 15. Qc2 Nce4 16. Nxe4 Bxe4 17. Qa4 Qb7 18. b4 Rfd8 19. h3 h6 20. Be3 Rac8 21. Rac1 Rxd1+ 22. Rxd1 Bc6 23. Qb3 a6 24. Bd4 b5 25. c5 Bd5 26. Qb2 Ne8 27. Ne1 Bf6 28. Bf1 Qc7 29. Nd3 Bxd4 30. Qxd4 Nf6 31. Ne5 Qb7 32. Rd3 Re8 33. Rg3 Ne4 34. Re3 Nf6 35. Qh4 Kf8 36. Qf4 Ra8 37. g4 a5 38. h4 axb4 39. Qxb4 Kg8 40. Bxb5 Rb8 41. a4 Bh1 42. Rg3 Qd5 43. Qf4 Rf8 44. Kh2 Ne4 45. Bc6 g5 46. hxg5 hxg5 47. Bxd5 gxf4 48. Rg1 exd5 49. Rxh1 Nxc5 50. Rd1 Nxa4 51. Rxd5 Nc3 52. Rd4 f5 53. Ng6 1-0

[Event "HUN-chT1 Maroczy 2122"]
[Site "Hungary"]
[Date "2022.04.10"]
[Round "11.9"]
[White "Pesztericz, Laszlo"]
[Black "Bai, Attila"]
[Result "1/2-1/2"]
[WhiteElo "2043"]
[BlackElo "2175"]
[PlyCount "91"]
[EventDate "2021.10.10"]
[EventType "team-tourn"]
[EventRounds "11"]
[EventCountry "HUN"]
[SourceTitle "EXT 2025"]
[Source "ChessBase"]
[SourceDate "2024.10.14"]
[SourceVersion "1"]
[SourceVersionDate "2024.10.14"]
[SourceQuality "1"]
[WhiteTeam "Vasas"]
[BlackTeam "Debrecen Sakkiskola"]
[WhiteTeamCountry "HUN"]
[BlackTeamCountry "HUN"]

1. e4 c5 2. Nc3 Nc6 3. g3 g6 4. Bg2 Bg7 5. d3 e6 6. Be3 d6 7. Qd2 Nd4 8. Nge2 Ne7 9. 0-0 0-0 10. f4 Rb8 11. Rae1 b5 12. Nd1 b4 13. c3 Nxe2+ 14. Rxe2 Qa5 15. f5 exf5 16. Bh6 Qd8 17. Bxg7 Kxg7 18. Ne3 h5 19. Ref2 f6 20. Rf4 Be6 21. Bh3 d5 22. exf5 g5 23. R4f2 bxc3 24. bxc3 Bf7 25. Bg2 d4 26. Nc4 dxc3 27. Qxc3 Nd5 28. Qc1 Re8 29. Be4 Nb4 30. Qc3 Bd5 31. Re1 Bxe4 32. dxe4 Qd3 33. Rf3 Qd4+ 34. Qxd4 cxd4 35. a3 Nc6 36. Rff1 Ne5 37. Nxe5 Rxe5 38. Rf2 Rb3 39. Rd2 d3 40. Re3 Rxa3 41. Rexd3 Rxd3 42. Rxd3 Kf7 43. Rd7+ Re7 44. Rd4 Rb7 45. Ra4 Ke7 46. Ra6 1/2-1/2

[Event "HUN-chT1 Maroczy 2122"]
[Site "Hungary"]
[Date "2021.12.19"]
[Round "6.8"]
[White "Bai, Attila"]
[Black "Mihaly, Imre"]
[Result "1-0"]
[WhiteElo "2172"]
[BlackElo "1888"]
[PlyCount "96"]
[EventDate "2021.10.10"]
[EventType "team-tourn"]
[EventRounds "11"]
[EventCountry "HUN"]
[SourceTitle "EXT 2025"]
[Source "ChessBase"]
[SourceDate "2024.10.14"]
[SourceVersion "1"]
[SourceVersionDate "2024.10.14"]
[SourceQuality "1"]
[WhiteTeam "Debrecen Sakkiskola"]
[BlackTeam "Hus"]
[WhiteTeamCountry "HUN"]
[BlackTeamCountry "HUN"]

1. d4 Nf6 2. Nf3 d5 3. e3 e6 4. Bd3 c5 5. b3 Nc6 6. a3 Bd6 7. Bb2 0-0 8. Nbd2 Nd7 9. h4 h6 10. c4 b6 11. g4 cxd4 12. exd4 e5 13. cxd5 Nxd4 14. Ne4 Nc5 15. Nxd4 exd4 16. Nxc5 bxc5 17. Qf3 Re8+ 18. Kf1 Qf6 19. Qxf6 gxf6 20. Bc1 Bb7 21. Bc4 Re4 22. f3 Re7 23. Bxh6 Rae8 24. Kf2 d3 25. Bxd3 Bxd5 26. Rab1 Be5 27. Bd2 Bd4+ 28. Kg3 Be5+ 29. Kg2 Bd4 30. Bf4 Be3 31. Bd6 Rd7 32. Bb5 Rxd6 33. Bxe8 Rb6 34. Rhe1 Bd4 35. Ba4 Rb7 36. Re8+ Kg7 37. Rd8 Be6 38. b4 Be5 39. Bc2 Ba2 40. Re1 cxb4 41. f4 Bxf4 42. Ree8 f5 43. g5 f6 44. axb4 fxg5 45. Bxf5 gxh4 46. Rd4 Bg3 47. Red8 Kf6 48. Be4 Ke5 1-0

[Event "HUN-chT2 Maroczy 1819"]
[Site "Hungary"]
[Date "2019.04.28"]
[Round "11.7"]
[White "Bai, Attila"]
[Black "Kovacs, Lajos1"]
[Result "1/2-1/2"]
[WhiteElo "2203"]
[BlackElo "2237"]
[PlyCount "106"]
[EventDate "2018.09.23"]
[EventType "team-tourn"]
[EventRounds "11"]
[EventCountry "HUN"]
[SourceTitle "EXT 2021"]
[Source "ChessBase"]
[SourceDate "2020.10.23"]
[SourceVersion "1"]
[SourceVersionDate "2020.10.23"]
[SourceQuality "1"]
[WhiteTeam "Debrecen Kwizda"]
[BlackTeam "Dunaharaszti II"]
[WhiteTeamCountry "HUN"]
[BlackTeamCountry "HUN"]

1. d4 d5 2. Nc3 Nf6 3. Bg5 Bf5 4. Bxf6 exf6 5. e3 c6 6. Bd3 Be6 7. Nge2 Qb6 8. 0-0 Bd6 9. e4 0-0 10. Rb1 dxe4 11. Nxe4 Qc7 12. N2g3 Bxg3 13. fxg3 f5 14. Ng5 Qd7 15. Nxe6 fxe6 16. c3 b5 17. g4 g6 18. Qe2 Na6 19. a4 Nc7 20. axb5 cxb5 21. Rbe1 Rae8 22. gxf5 exf5 23. Qf2 Kg7 24. Rxe8 Rxe8 25. Qg3 Kh8 26. Re1 Rxe1+ 27. Qxe1 a6 28. Qe5+ Kg8 29. Kf2 h5 30. Bb1 Kh7 31. Ba2 Ne8 32. Qe6 Qxe6 33. Bxe6 Kg7 34. g3 Kf6 35. Bd5 Nd6 36. b4 g5 37. Ke3 Kg6 38. Kf3 Kf6 39. h4 g4+ 40. Kf4 Ne8 41. Bc6 Nd6 42. Bd5 Ne8 43. Bb7 Nc7 44. Ke3 Ke6 45. Kd3 Kf6 46. Bc6 Ke6 47. c4 Kd6 48. Bb7 bxc4+ 49. Kxc4 Ne6 50. Kd3 f4 51. gxf4 Nxf4+ 52. Ke4 Nd5 53. Bxa6 Nxb4 1/2-1/2

[Event "HUN-chT2 Maroczy 1819"]
[Site "Hungary"]
[Date "2019.03.10"]
[Round "9.8"]
[White "Kaposztas, Miklos"]
[Black "Bai, Attila"]
[Result "0-1"]
[WhiteElo "2016"]
[BlackElo "2203"]
[PlyCount "72"]
[EventDate "2018.09.23"]
[EventType "team-tourn"]
[EventRounds "11"]
[EventCountry "HUN"]
[SourceTitle "EXT 2020"]
[Source "ChessBase"]
[SourceDate "2019.10.17"]
[SourceVersion "1"]
[SourceVersionDate "2019.10.17"]
[SourceQuality "1"]
[WhiteTeam "Budapest Vasas"]
[BlackTeam "Debrecen Kwizda"]
[WhiteTeamCountry "HUN"]
[BlackTeamCountry "HUN"]

1. c4 e5 2. g3 Nc6 3. Bg2 g6 4. Nc3 Bg7 5. Nf3 d6 6. d3 h5 7. h4 Nge7 8. Rb1 a5 9. a3 Nd4 10. e3 Nxf3+ 11. Bxf3 c6 12. Qa4 0-0 13. e4 Bd7 14. Qd1 Be6 15. 0-0 d5 16. cxd5 cxd5 17. Bg5 f6 18. Bd2 d4 19. Na4 Bf7 20. b4 Nc6 21. bxa5 Nxa5 22. Bb4 Re8 23. Bc5 Bf8 24. Bb6 Qd6 25. Nc5 Qc6 26. Bxa5 Rxa5 27. Nxb7 Rxa3 28. Qc1 Qxc1 29. Rfxc1 Rxd3 30. Be2 Rc3 31. Na5 Rec8 32. Rxc3 dxc3 33. Bd3 c2 34. Rc1 Rc3 35. Bxc2 Bb4 36. Rb1 Bxa5 0-1

[Event "Heinola 100 ottelu Vierumaki"]
[Site "Heinola"]
[Date "2017.11.18"]
[Round "2"]
[White "Bratus, Petr P"]
[Black "Bai, Attila"]
[Result "1/2-1/2"]
[WhiteElo "2136"]
[BlackElo "2231"]
[PlyCount "108"]
[EventDate "2017.11.17"]
[EventType "swiss"]
[EventRounds "3"]
[EventCountry "FIN"]
[SourceTitle "EXT 2022"]
[Source "ChessBase"]
[SourceDate "2021.10.06"]
[SourceVersion "1"]
[SourceVersionDate "2021.10.06"]
[SourceQuality "1"]

1. d4 Nf6 2. Nf3 e6 3. c4 c5 4. e3 Be7 5. Nc3 0-0 6. Bd3 b6 7. 0-0 d6 8. Qe2 Nbd7 9. Rd1 a6 10. b3 Bb7 11. Bb2 Re8 12. Rac1 Bf8 13. Bb1 g6 14. Ng5 Qc7 15. Nge4 cxd4 16. Rxd4 Nxe4 17. Bxe4 e5 18. Rd2 Bxe4 19. Nxe4 f5 20. Nc3 Nf6 21. Nd5 Qd8 22. Nxf6+ Qxf6 23. a4 f4 24. Rcd1 fxe3 25. Qxe3 Rab8 26. Rd5 Qf4 27. Qe2 e4 28. Bc1 Qf7 29. Ba3 b5 30. cxb5 axb5 31. Rxb5 Rxb5 32. Qxb5 e3 33. fxe3 Rxe3 34. Qf1 Qxf1+ 35. Kxf1 Rxb3 36. Bxd6 Bxd6 37. Rxd6 Ra3 38. Rd4 Ra2 39. h4 h5 40. g4 hxg4 41. Rxg4 Kf7 42. Ke1 Kf6 43. Kd1 Kf5 44. Rb4 g5 45. hxg5 Kxg5 46. Kc1 Kf5 47. Kb1 Rh2 48. a5 Ke5 49. a6 Rh6 50. Ra4 Rh8 51. Kb2 Kd5 52. Kb3 Kc5 53. Rg4 Ra8 54. Rg6 Kb5 1/2-1/2

[Event "HUN-chT2 Barcza 1516"]
[Site "Hungary"]
[Date "2016.04.17"]
[Round "11.8"]
[White "Pap, Kristof"]
[Black "Bai, Attila"]
[Result "0-1"]
[WhiteElo "1772"]
[BlackElo "2249"]
[PlyCount "50"]
[EventDate "2015.09.13"]
[EventType "team-tourn"]
[EventRounds "11"]
[EventCountry "HUN"]
[SourceTitle "EXT 2017"]
[Source "ChessBase"]
[SourceDate "2016.10.25"]
[SourceVersion "1"]
[SourceVersionDate "2016.10.25"]
[SourceQuality "1"]
[WhiteTeam "Kwizda Sakkiskola"]
[BlackTeam "Mezokovesd"]
[WhiteTeamCountry "HUN"]
[BlackTeamCountry "HUN"]

1. e4 c5 2. Nf3 Nc6 3. Bb5 g6 4. 0-0 Bg7 5. Re1 e5 6. Bxc6 dxc6 7. d3 Ne7 8. Be3 b6 9. c3 Bg4 10. h3 Bxf3 11. gxf3 Qd7 12. Kh2 0-0 13. Qe2 Rad8 14. Rd1 f5 15. Bg5 Bf6 16. Bxf6 Rxf6 17. Na3 Rdf8 18. d4 fxe4 19. dxe5 Qc7 20. Qxe4 Rxf3 21. Rd2 R8f4 22. Qe1 Qc8 23. e6 Qf8 24. Kg2 Qf5 25. Qh1 Rxf2+ 0-1

[Event "HUN-chT2 Barcza 1516"]
[Site "Hungary"]
[Date "2016.03.20"]
[Round "9.7"]
[White "Bai, Attila"]
[Black "Lovas, Peter"]
[Result "1-0"]
[WhiteElo "2242"]
[BlackElo "1841"]
[PlyCount "109"]
[EventDate "2015.09.13"]
[EventType "team-tourn"]
[EventRounds "11"]
[EventCountry "HUN"]
[SourceTitle "EXT 2017"]
[Source "ChessBase"]
[SourceDate "2016.10.25"]
[SourceVersion "1"]
[SourceVersionDate "2016.10.25"]
[SourceQuality "1"]
[WhiteTeam "Kwizda Sakkiskola"]
[BlackTeam "Nadudvar"]
[WhiteTeamCountry "HUN"]
[BlackTeamCountry "HUN"]

1. d4 Nf6 2. Nf3 e6 3. e3 b6 4. Bd3 Bb7 5. 0-0 Be7 6. Nbd2 0-0 7. b3 d5 8. Bb2 Nbd7 9. Qe2 c5 10. Ne5 Rc8 11. f4 Ne4 12. Rf3 f5 13. Rh3 Nxe5 14. Bxe4 dxe4 15. dxe5 g6 16. Rd1 Qc7 17. g4 c4 18. Nxc4 Ba6 19. gxf5 exf5 20. Rd4 Bc5 21. Rd5 Be7 22. Qd2 Bxc4 23. Rd7 Rcd8 24. Rxc7 Rxd2 25. Rxc4 Rfd8 26. Bd4 Bc5 27. e6 Bxd4 28. Rxd4 R8xd4 29. exd4 Rxd4 30. Rxh7 e3 31. Rd7 Re4 32. Rd1 Rxe6 33. Re1 Re4 34. Kg2 Rxf4 35. Rxe3 Kf7 36. Rc3 Rd4 37. Rc7+ Kf6 38. Rxa7 Rd2+ 39. Kg3 Rxc2 40. Ra6 Rc3+ 41. Kf2 Rc2+ 42. Kf3 Kg5 43. h4+ Kxh4 44. Rxb6 Kg5 45. a4 Rc3+ 46. Ke2 f4 47. a5 f3+ 48. Kf2 Kf4 49. Rb4+ Ke5 50. a6 Rc8 51. Kxf3 Kd5 52. Ke3 Rc3+ 53. Kd2 Rc8 54. Kd3 Rc1 55. a7 1-0

[Event "HUN-chT2 Barcza 1415"]
[Site "Hungary"]
[Date "2014.11.16"]
[Round "?"]
[White "Bai, Attila"]
[Black "Hibjan, Tamas"]
[Result "1-0"]
[WhiteElo "2208"]
[BlackElo "2173"]
[PlyCount "43"]
[EventDate "2014.09.07"]
[EventType "team-tourn"]
[EventRounds "11"]
[EventCountry "HUN"]
[SourceTitle "EXT 2016"]
[Source "ChessBase"]
[SourceDate "2015.10.08"]
[SourceVersion "1"]
[SourceVersionDate "2015.10.08"]
[SourceQuality "1"]
[WhiteTeam "Edeleny"]
[BlackTeam "Nyiregyhaza"]
[WhiteTeamCountry "HUN"]
[BlackTeamCountry "HUN"]

1. d4 Nf6 2. Nf3 g6 3. Nc3 d5 4. Bf4 Bg7 5. Qd2 0-0 6. 0-0-0 b6 7. h4 h5 8. Ne5 Ne4 9. Nxe4 dxe4 10. e3 Kh7 11. f3 f6 12. Nc4 Bb7 13. g4 hxg4 14. fxg4 Rh8 15. g5 Nd7 16. h5 Bd5 17. Qg2 f5 18. Be2 b5 19. hxg6+ Kxg6 20. Ne5+ Nxe5 21. dxe5 Qd7 22. Rh6+ 1-0

[Event "HUN-chT2 Barcza 1314"]
[Site "Hungary"]
[Date "2013.11.03"]
[Round "4"]
[White "Bai, Attila"]
[Black "Peczeli, Zoltan"]
[Result "1-0"]
[WhiteElo "2212"]
[BlackElo "2007"]
[PlyCount "47"]
[EventDate "2013.09.08"]
[EventType "team-tourn"]
[EventRounds "11"]
[EventCountry "HUN"]
[SourceTitle "EXT 2016"]
[Source "ChessBase"]
[SourceDate "2015.10.08"]
[SourceVersion "1"]
[SourceVersionDate "2015.10.08"]
[SourceQuality "1"]
[WhiteTeam "Edeleny"]
[BlackTeam "Nyiregyhaza"]
[WhiteTeamCountry "HUN"]
[BlackTeamCountry "HUN"]

1. d4 Nf6 2. Nf3 c5 3. e3 g6 4. b3 Bg7 5. Bb2 Ne4 6. Bd3 d5 7. Nbd2 Qa5 8. 0-0 Nc3 9. Qe1 cxd4 10. Nxd4 e5 11. N2f3 exd4 12. exd4+ Be6 13. Bxc3 Qb6 14. Ba5 Qd6 15. Bb4 Qf4 16. c4 Bxd4 17. Nxd4 Qxd4 18. Rd1 dxc4 19. Bxc4 Qb6 20. Rd6 Nc6 21. Rxe6+ fxe6 22. Qxe6+ Kd8 23. Qf6+ Kc7 24. Qd6+ 1-0

[Event "HUN-chT2 Barcza 1213"]
[Site "Hungary"]
[Date "2012.11.18"]
[Round "4.5"]
[White "Bai, Attila"]
[Black "Kun, Imre"]
[Result "1-0"]
[WhiteElo "2217"]
[BlackElo "1969"]
[PlyCount "143"]
[EventDate "2012.09.16"]
[EventType "team-tourn"]
[EventRounds "11"]
[EventCountry "HUN"]
[SourceTitle "EXT 2014"]
[Source "ChessBase"]
[SourceDate "2013.11.20"]
[SourceVersion "1"]
[SourceVersionDate "2013.11.20"]
[SourceQuality "1"]
[WhiteTeam "Edeleny"]
[BlackTeam "Nadudvar"]
[WhiteTeamCountry "HUN"]
[BlackTeamCountry "HUN"]

1. d4 d5 2. Nf3 Nf6 3. Bg5 c5 4. e3 Nc6 5. c3 e6 6. Nbd2 Be7 7. Bd3 cxd4 8. cxd4 Nb4 9. Bb1 Bd7 10. a3 Nc6 11. Bd3 Rc8 12. b4 Qb6 13. 0-0 Nd8 14. b5 Rc3 15. Ne5 Rxa3 16. Rxa3 Bxa3 17. Bxf6 gxf6 18. Nec4 dxc4 19. Nxc4 Qc7 20. Nxa3 0-0 21. f4 Kh8 22. Qh5 f5 23. Qh6 Rg8 24. Qf6+ Rg7 25. h4 Kg8 26. h5 b6 27. Kh2 Nb7 28. Rf3 Qd8 29. Qxd8+ Nxd8 30. Rf2 f6 31. Rc2 Be8 32. Rc8 Rd7 33. Bc4 Kf7 34. Nc2 Ke7 35. h6 Bf7 36. Nb4 Kd6 37. Kg3 e5 38. fxe5+ fxe5 39. dxe5+ Kxe5 40. Rxd8 Rc7 41. Nc6+ Ke4 42. Bxf7 Rxf7 43. Re8+ Kd5 44. Kf4 a5 45. Nd4 Kc4 46. Rc8+ Kb4 47. Rc6 Rb7 48. Kxf5 a4 49. g4 a3 50. Rc2 Ra7 51. Ra2 Kc3 52. Kf6 Kd3 53. Nc2 Rc7 54. Nxa3 Kxe3 55. Rc2 Rd7 56. Nc4+ Kf4 57. Rf2+ Kg3 58. Rd2 Rc7 59. Rd4 Kh4 60. g5+ Kh5 61. Rd6 Rxc4 62. Rxb6 Rc5 63. g6 hxg6 64. h7 Rc8 65. Rc6 Rb8 66. b6 Kh6 67. Ke6 Kxh7 68. Kd6 Kh6 69. Kc7 Rxb6 70. Rxb6 Kh5 71. Kd6 g5 72. Ke5 1-0

[Event "HUN-chT2 Barcza 1011"]
[Site "Hungary"]
[Date "2010.09.12"]
[Round "1.5"]
[White "Bai, Attila"]
[Black "Kovacs, Marton"]
[Result "1-0"]
[WhiteElo "2240"]
[BlackElo "2165"]
[PlyCount "92"]
[EventDate "2010.09.12"]
[EventType "team-tourn"]
[EventRounds "11"]
[EventCountry "HUN"]
[SourceTitle "EXT 2012"]
[Source "ChessBase"]
[SourceDate "2011.11.24"]
[SourceVersion "1"]
[SourceVersionDate "2011.11.24"]
[SourceQuality "1"]
[WhiteTeam "Edeleny"]
[BlackTeam "Hajduboszormeny"]
[WhiteTeamCountry "HUN"]
[BlackTeamCountry "HUN"]

1. d4 d5 2. Nf3 Nf6 3. Bf4 c5 4. e3 Qb6 5. Nc3 c4 6. Rb1 Qa5 7. Qd2 b5 8. b4 Qb6 9. Be2 Nc6 10. Ne5 h6 11. a4 a6 12. 0-0 e6 13. a5 Qb7 14. Nxc6 Qxc6 15. e4 dxe4 16. f3 e3 17. Qxe3 Bb7 18. Be5 Ng4 19. Qf4 Nxe5 20. Qxe5 Qd6 21. Qe3 Be7 22. Ne4 Qd5 23. Nc5 0-0 24. Nxb7 Qxb7 25. f4 Rad8 26. c3 Bf6 27. Rf3 Qd5 28. Rh3 Qf5 29. Rf1 Qc2 30. Bd1 Qb2 31. Rf2 Qa1 32. Rd2 Rd6 33. g4 Rfd8 34. Kg2 e5 35. fxe5 Bg5 36. Qe2 Rd5 37. Ra2 Qc1 38. e6 Qf4 39. exf7+ Qxf7 40. Rf3 Qd7 41. h3 h5 42. gxh5 Re8 43. Qf2 Bh6 44. Re2 Rxh5 45. Bc2 Rg5+ 46. Kf1 Rxe2 1-0

[Event "HUN-chT2 Barcza 0910"]
[Site "Hungary"]
[Date "2010.03.21"]
[Round "8.2"]
[White "Kanyadi, Zoltan"]
[Black "Bai, Attila"]
[Result "0-1"]
[WhiteElo "2114"]
[BlackElo "2228"]
[PlyCount "108"]
[EventDate "2009.11.08"]
[EventType "team-tourn"]
[EventRounds "11"]
[EventCountry "HUN"]
[SourceTitle "EXT 2011"]
[Source "ChessBase"]
[SourceDate "2010.11.26"]
[SourceVersion "1"]
[SourceVersionDate "2010.11.26"]
[SourceQuality "1"]
[WhiteTeam "Debrecen Sakkbaratok"]
[BlackTeam "Edeleny"]
[WhiteTeamCountry "HUN"]
[BlackTeamCountry "HUN"]

1. e4 c5 2. Nf3 Nc6 3. d4 cxd4 4. Nxd4 Nf6 5. Nc3 e5 6. Ndb5 d6 7. Nd5 Nxd5 8. exd5 Ne7 9. c4 Ng6 10. a3 Be7 11. Be3 f5 12. f3 0-0 13. Qd2 a6 14. Nc3 Bh4+ 15. Bf2 Bd7 16. 0-0-0 Bf6 17. Kb1 Rb8 18. c5 e4 19. fxe4 dxc5 20. Bxc5 Bxc3 21. Qxc3 Rc8 22. Qd4 Re8 23. Bb6 Qg5 24. Bd3 fxe4 25. h4 Nxh4 26. Bxe4 Rxe4 27. Qxe4 Bf5 28. Rxh4 Bxe4+ 29. Rxe4 Qxg2 30. Rde1 Qg6 31. d6 Qxd6 32. Bd4 b5 33. Be5 Qd3+ 34. Ka2 Rc4 35. R4e3 Qd5 36. Kb1 Rg4 37. Bc3 h6 38. Re5 Qd3+ 39. Ka2 Rg2 40. R5e3 Qg6 41. Re6 Qc2 42. Ka1 a5 43. Rb6 b4 44. axb4 axb4 45. Rxb4 Rg6 46. Rb8+ Kh7 47. Ra8 Rg4 48. Re7 Rg1+ 49. Ka2 Qb1+ 50. Kb3 Qd1+ 51. Kc4 Rg4+ 52. Kc5 Qd3 53. Ra4 Qf5+ 54. Be5 Qc2+ 0-1

[Event "HUN-chT2 Barcza 0910"]
[Site "Hungary"]
[Date "2009.11.08"]
[Round "1.3"]
[White "Bai, Attila"]
[Black "Gunyecz, Zoltan"]
[Result "1-0"]
[WhiteElo "2228"]
[BlackElo "1995"]
[PlyCount "57"]
[EventDate "2009.11.08"]
[EventType "team-tourn"]
[EventRounds "11"]
[EventCountry "HUN"]
[SourceTitle "EXT 2011"]
[Source "ChessBase"]
[SourceDate "2010.11.26"]
[SourceVersion "1"]
[SourceVersionDate "2010.11.26"]
[SourceQuality "1"]
[WhiteTeam "Edeleny"]
[BlackTeam "Nyiregyhaza"]
[WhiteTeamCountry "HUN"]
[BlackTeamCountry "HUN"]

1. d4 Nf6 2. Nf3 g6 3. Nc3 d5 4. Bf4 Bg7 5. e3 0-0 6. Be2 Bg4 7. h3 Bf5 8. Ne5 c6 9. g4 Be6 10. Bd3 Nfd7 11. Qd2 Nxe5 12. Bxe5 Bxe5 13. dxe5 Nd7 14. f4 f5 15. 0-0-0 Nc5 16. gxf5 Bxf5 17. Bxf5 Rxf5 18. e4 Rf8 19. exd5 cxd5 20. Nxd5 Ne6 21. Qe3 Qa5 22. Nxe7+ Kf7 23. f5 Qxa2 24. fxe6+ Kxe6 25. Rd6+ Kxe7 26. Qe4 Qa1+ 27. Kd2 Qxb2 28. Qh4+ Ke8 29. Re6+ 1-0